Catálogo
 En Linea

Codigo penal dominicano anotado / (Registro nro. 49018)

Detalles MARC
000 -CABECERA
campo de control de longitud fija 00560nam a22001937a 4500
003 - IDENTIFICADOR DEL NÚMERO DE CONTROL
campo de control OSt
005 - FECHA Y HORA DE LA ÚLTIMA TRANSACCIÓN
campo de control 20240313133356.0
008 - DATOS DE LONGITUD FIJA--INFORMACIÓN GENERAL
campo de control de longitud fija 200003b ||||| |||| 00| 0 eng d
040 ## - FUENTE DE LA CATALOGACIÓN
Centro catalogador/agencia de origen DO-SdBNP
Lengua de catalogación spa
Centro/agencia transcriptor BNPHU
082 ## - NÚMERO DE LA CLASIFICACIÓN DECIMAL DEWEY
Número de clasificación xxx
Número de documento/Ítem P438c
100 10 - ENTRADA PRINCIPAL--NOMBRE DE PERSONA
Nombre de persona Pèrez Mèndez, Artagnan,
Fechas asociadas al nombre 1929-2017
9 (RLIN) 77104
245 10 - MENCIÓN DE TÍTULO
Título Codigo penal dominicano anotado /
Mención de responsabilidad, etc. Artagnan Pèrez Mèndez
250 ## - MENCIÓN DE EDICIÓN
Mención de edición 5 a. ed.
260 ## - PUBLICACIÓN, DISTRIBUCIÓN, ETC.
Lugar de publicación, distribución, etc. Santo Domingo :
Nombre del editor, distribuidor, etc. Taller,
Fecha de publicación, distribución, etc. 2000
300 ## - DESCRIPCIÓN FÍSICA
Extensión 785 p.
Dimensiones 22 cm
590 ## - NOTA LOCAL (RLIN)
Nota local Inventariado, 2020 / DG
910 ## - DATOS DE OPCIÓN DEL USUARIO (OCLC)
Datos de opción del usuario Inventariado, 2020 / DG
942 ## - ELEMENTOS DE PUNTO DE ACCESO ADICIONAL (KOHA)
Fuente del sistema de clasificación o colocación Dewey Decimal Classification
Tipo de ítem Koha Libro
Existencias
Estado de retiro Estado de pérdida Fuente del sistema de clasificación o colocación No para préstamo Localización permanente Ubicación/localización actual Ubicación en estantería Fecha de adquisición Fuente de adquisición Total de préstamos Signatura topográfica completa Fecha visto por última vez Precio válido a partir de Tipo de ítem Koha
    Dewey Decimal Classification   Biblioteca Nacional Pedro Henríquez Ureña Biblioteca Nacional Pedro Henríquez Ureña En catalogación 25.01.2019 Donado por el Dominico-Americano   xxx P438c 03.11.2020 03.11.2020 Libro

Con tecnología Koha